| 000 | 00767nam a2200241 a 4500 | ||
|---|---|---|---|
| 003 | MX-MxUPN | ||
| 005 | 20250408063811.0 | ||
| 008 | 230613s2020 mx ||||fr|||| 000 0 spa d | ||
| 020 | _a9786079859992 | ||
| 040 |
_aMX-MxUPN _bspa _cMX-MxUPN |
||
| 041 | 0 | _aspa | |
| 050 | 1 | 4 |
_aK3240.4 _bG373 2020 |
| 100 | 1 |
_aGarcía Ramírez, Sergio, _d1938- _935355 |
|
| 245 | 1 | 0 | _aDerechos humanos y tratados internacionales |
| 250 | _aPrimera edición. | ||
| 260 |
_aCiudad de México : _bSeminario de Cultura Mexicana, _c2020 |
||
| 300 | _a110 páginas | ||
| 490 | 0 | _aCuadernos del Seminario | |
| 650 | 4 |
_aDerechos humanos (Derecho internacional) _95169 |
|
| 902 |
_aFernandoJiménezSánchez13062023 _bVíctor Ruiz/070425 |
||
| 942 |
_2lcc _cLIBRO _n0 |
||
| 999 |
_c209819 _d209819 |
||